Najlepsi piłkarze którzy nie wygrali złotej piłki - Statystyki

Ogólne statystyki
  • Ten quiz został rozwiązany 59 razy
  • Średni wynik to 20 z 58
Statystyki odpowiedzi
PIŁKARZ % Poprawnych
Robert Lewandowski
96%
Neymar
78%
Andres Iniesta
76%
Xavi
72%
Erling Haaland
70%
Kylian Mbappe
68%
Manuel Neuer
64%
Luis Suarez
62%
Gianluigi Buffon
56%
Diego Maradona
54%
Paolo Maldini
54%
Pele
54%
Zlatan Ibrahimovic
54%
Thierry Henry
50%
Arjen Robben
48%
Franck Ribery
48%
Virgil van Dijk
48%
Wayne Rooney
48%
Mohamed Salah
46%
Thomas Muller
46%
Frank Lampard
42%
David Beckham
38%
Iker Casillas
38%
Kevin De Bruyne
38%
Steven Gerrard
38%
Alessandro Del Piero
34%
Antoine Griezmann
34%
Fernando Torres
34%
Sadio Mane
34%
Roberto Carlos
32%
Francesco Totti
30%
Olivier Kahn
28%
Wesley Sneijder
28%
Didier Drogba
26%
Garrincha
26%
Raul
26%
Andrea Pirlo
24%
Alessandro Nesta
20%
Deco
20%
Dennis Bergkamp
16%
Samuel Eto'o
16%
Alan Shearer
14%
Gabriel Batistuta
14%
Romario
14%
Diego Forlan
12%
Eric Cantona
12%
Michael Laudrup
12%
Jurgen Klinsmann
10%
Patrick Kluivert
10%
Davor Suker
6%
Dino Zoff
6%
Frank Rijkaard
6%
Gary Lineker
6%
Gheorghe Hagi
6%
Ian Rush
6%
Radamel Falcao
6%
Ronald Koeman
4%
Emilio Butragueno
2%
Nie znaleziono quizów pasujących do podanych kryteriów
Rozkład punktacji
Procent ludzi z każdym wynikiem
Percentyl według liczby udzielonych odpowiedzi
Twoja historia wyników
Nie rozwiązałeś tego quizu